000 00352nam a2200157Ia 4500
003 LK-CoDNM
005 20240913111048.0
008 010623t xxu||||| |||| 00| 1 eng d
040 _aLK-CoDNM
_dLK-CoDNM
_eLK-CoDNM
041 _aeng
080 _a14
_bC32
245 _aVoyage to Ceylon
260 _aColombo
300 _b119p. : 14 cm
942 _cBK
999 _c136820
_d136820